| 000 | 00524nam a2200145 a 4500 | ||
|---|---|---|---|
| 008 | 120416s1977 ||||||||||||||||| || u | ||
| 050 | _aHF 5667 Lur | ||
| 100 | _aLurie, Adolph G | ||
| 245 | 1 | 0 | _aWorking with the public accountant |
| 246 | _aa guide for managers at all levels | ||
| 260 |
_aNew York _bMcGraw-Hill _c1977 |
||
| 300 | _axiv, 299p. | ||
| 350 | _a0.00 | ||
| 995 |
_D0.00 _FCBU-MAIN LIBRARY (Kitwe) _H1 _I14.95 _M1 _UAVAILABLE _ZAnnex Low-Usage Collection |
||
| 999 |
_c61958 _d61958 |
||